Acesso ̉Justiȧ e o Jus Postulandi das prp̤rias Partes no Direito do Trabalho: alcance da justiȧ ou quimera jurd̕ica? /

Detalles Bibliográficos
Autor principal: Coelho de Almeida, Dayse
Formato: eBook
Lenguaje:portugués
Publicado: San Pablo: Letras Jurídicas Editora, 2012
Materias:
Acceso en línea:Acceso restringido

MARC

LEADER 00000nam a22000007a 4500
005 20200714012826.0
007 cr|||| ||||
008 200714s2012 br |||||s|||| 00||0 por d
020 |a 978-85-89917-93-3 
035 |a 31790 
040 |a vLex 
090 |c 10620  |d 10620 
100 1 |a Coelho de Almeida, Dayse 
245 1 0 |a Acesso ̉Justiȧ e o Jus Postulandi das prp̤rias  |h [Recurso electrn̤ico] :  |b Partes no Direito do Trabalho: alcance da justiȧ ou quimera jurd̕ica? /  |c Dayse Coelho de Almeida 
256 |a Servicio en ln̕ea 
260 |a San Pablo:  |b Letras Jurídicas Editora,  |c 2012 
300 |a 1 recurso electrn̤ico 
500 |a Aps̤ seis anos de magistřio, comeȯ a dimensionar o tamanho do meu desconhecimento, sobre a vida, sobre o outro e sobre o Direito. Desde 2007, quando finalizei o mestrado, possua̕ intenȯ̂ de publicar meu trabalho. Porm̌, este projeto foi sendo adiado em virtude dos outros compromissos profissionais e pessoais que assumi. 
506 1 |a Disponible solo en los productos indicados  |d vLex Global  |d vLex Global (Academic Edition, excluding Law Schools)  |d vLex Global (U.S. Academic Edition, Law Schools)  |d vLex Global (U.S. Academic Edition, excluding Law Schools)  |d vLex Global (Academic Edition, Law Schools) 
650 0 4 |a Derecho Laboral y Seguridad Social  |z Brasil 
740 0 |a vLex Libros (Servicio en ln̕ea) 
856 4 0 |u http://vlex.com/source/acesso-a-justi-a-e-o-jus-postulandi-das-proprias-partes-no-direito-do-trabalho-alcance-da-justi-a-ou-quimera-juridica--31790  |z Acceso restringido 
942 |c BOOK 
999 0 |a Labor law and social security